000 00556nam a2200205 i 4500
001 22796
003 ES-MaACL
005 20230906152746.0
007 t|
008 021204s1972 sp ||||1| spa d
080 _a821.134.2-31"19"
100 1 _aAlós, Concha.
_920443
245 1 3 _aEl caballo rojo :
_bnovela /
_cConcha Alós.
260 _a[Esplugas de Llobregat, Barcelona :
_bPlaza & Janés,
_c1972]
300 _a203 p. ;
_c19 cm.
490 1 _aRotativa
830 1 _aRotativa
_9179597
852 _aES-MaACL
_jC-42852
999 _c22796
_d22796